[Event "Bled / Portoroz"]
[Site "Bled"]
[Date "1979.06.??"]
[Round "9"]
[White "Marjanovic, S."]
[Black "Timman, J."]
[Result "0-1"]
[WhiteElo "2505"]
[BlackElo "2625"]
[PlyCount "82"]
[EventDate "1979.??.??"]
[Source "Jan Timman"]
[SourceDate "1999.08.07"]

1. d4 Nf6 2. c4 e6 3. Nf3 b6 4. a3 c5 5. d5 Ba6 6. Qc2 exd5 7. cxd5 g6 8. Nc3
d6 9. g3 Bg7 10. Bg2 O-O 11. a4 Bb7 12. Nd2 Na6 13. O-O Nb4 14. Qb3 Qe7 15. Rd1
Ba6 16. h3 Nh5 17. Bf3 Rae8 18. Kg2 Nf6 19. Nb5 Bb7 20. e4 a6 21. Nc3 Nd7 22.
Nc4 f5 23. Bf4 Ne5 24. Bxe5 Bxe5 25. Nxb6 fxe4 26. Nxe4 Bxb2 27. Qxb2 Rxf3 28.
Re1 Ref8 29. Re2 Nd3 30. Qd2 Qe5 31. Rd1 Nxf2 32. Nd7 Nxe4 33. Nxe5 Nxd2 34.
Nxf3 Nxf3 35. Re7 Bc8 36. Rf1 Ne5 37. g4 Rxf1 38. Kxf1 Bd7 39. a5 h6 40. h4 Kf8
41. Rh7 Nf7 0-1

[Event "Rio de Janeiro izt"]
[Site "Rio de Janeiro"]
[Date "1979.??.??"]
[Round "19"]
[White "Ivkov, B."]
[Black "Petrosian, T."]
[Result "0-1"]
[WhiteElo "2525"]
[BlackElo "2610"]
[PlyCount "84"]
[EventDate "1979.??.??"]
[Source "Jan Timman"]
[SourceDate "1999.08.07"]

1. d4 Nf6 2. c4 g6 3. Nc3 Bg7 4. e4 d6 5. f3 O-O 6. Be3 c6 7. Qd2 a6 8. a4 e5
9. dxe5 dxe5 10. Qxd8 Rxd8 11. a5 Be6 12. Na4 Nbd7 13. b4 Bf8 14. c5 Ne8 15.
Nb6 Nxb6 16. axb6 Nf6 17. Nh3 a5 18. Rxa5 Rxa5 19. bxa5 Nd7 20. Ng5 Bb3 21. Kd2
h6 22. Kc3 Ba2 23. Kb2 Ra8 24. a6 hxg5 25. axb7 Rb8 26. Kxa2 Bxc5 27. Bxc5 Nxc5
28. Be2 Rxb7 29. Rc1 Nd7 30. Rxc6 Nxb6 31. Ba6 Rb8 32. Kb1 Nd5+ 33. Kc1 Nf4 34.
g3 Ne6 35. Bc4 Nd4 36. Rc7 Rf8 37. f4 gxf4 38. gxf4 exf4 39. Kd1 Nf3 40. Ke2
Ne5 41. Rc5 Re8 42. Bb5 Re7 0-1

[Event "Amsterdam - IBM"]
[Site "Amsterdam"]
[Date "1981.05.??"]
[Round "10"]
[White "Karpov, A."]
[Black "Timman, J."]
[Result "1/2-1/2"]
[WhiteElo "2690"]
[BlackElo "2620"]
[PlyCount "64"]
[EventDate "1981.??.??"]
[Source "Jan Timman"]
[SourceDate "1999.08.07"]

1. Nf3 Nf6 2. c4 b6 3. g3 Bb7 4. Bg2 g6 5. d4 c5 6. O-O Bg7 7. Nc3 Ne4 8. Nxe4
Bxe4 9. d5 O-O 10. Bh3 Bxf3 11. exf3 e5 12. f4 exf4 13. Bxf4 Bxb2 14. Rb1 Bf6
15. Qa4 d6 16. Rb3 h5 17. Re1 g5 18. Rbe3 gxf4 19. Re8 b5 20. Qxb5 Qb6 21.
Rxf8+ Kxf8 22. Re8+ Kg7 23. gxf4 Qxb5 24. cxb5 Bc3 25. Bf1 Ba5 26. Rc8 Kf6 27.
Kg2 Ke7 28. Kf3 Bd8 29. a4 a6 30. bxa6 Kd7 31. Bh3+ Ke7 32. Bf1 Kd7 1/2-1/2

[Event "Moscow"]
[Site "Moscow"]
[Date "1981.04.??"]
[Round "5"]
[White "Timman, J."]
[Black "Kasparov, G."]
[Result "1/2-1/2"]
[WhiteElo "2620"]
[BlackElo "2625"]
[PlyCount "47"]
[EventDate "1981.??.??"]
[Source "Jan Timman"]
[SourceDate "1999.08.07"]

1. d4 Nf6 2. c4 g6 3. Nc3 Bg7 4. e4 d6 5. f3 O-O 6. Be3 Nc6 7. Nge2 a6 8. Nc1
e5 9. d5 Nd4 10. Nb3 Nxb3 11. Qxb3 c5 12. dxc6 bxc6 13. O-O-O Qe7 14. Qb6 Bb7
15. g4 Rab8 16. h4 Rfc8 17. h5 Nd5 18. exd5 cxd5 19. Rxd5 Bxd5 20. Nxd5 Qe6 21.
Qa7 Ra8 22. Qb7 Rab8 23. Qa7 Ra8 24. Qb7 1/2-1/2

[Event "London"]
[Site "London"]
[Date "1982.04.??"]
[Round "10"]
[White "Timman, J."]
[Black "Portisch, L."]
[Result "1-0"]
[WhiteElo "2655"]
[BlackElo "2630"]
[PlyCount "47"]
[EventDate "1982.??.??"]
[Source "Jan Timman"]
[SourceDate "1999.08.07"]

1. d4 Nf6 2. c4 e6 3. Nf3 b6 4. g3 Bb7 5. Bg2 Be7 6. O-O O-O 7. d5 exd5 8. Nh4
c6 9. cxd5 Nxd5 10. Nf5 Bf6 11. Re1 Ba6 12. e4 Ne7 13. Ne3 Be5 14. Ng4 Bc7 15.
e5 d5 16. Bg5 Bc8 17. Nf6+ Kh8 18. Nc3 Na6 19. Nfxd5 cxd5 20. Nxd5 Be6 21. Bxe7
Qd7 22. Nxc7 Qxc7 23. Bd6 Qc4 24. Bf1 1-0

[Event "Mar del Plata - Clarin"]
[Site "Mar del Plata"]
[Date "1982.02.??"]
[Round "5"]
[White "Karpov, A."]
[Black "Timman, J."]
[Result "0-1"]
[WhiteElo "2720"]
[BlackElo "2655"]
[PlyCount "101"]
[EventDate "1982.??.??"]
[Source "Jan Timman"]
[SourceDate "1999.08.07"]

1. e4 c5 2. Nf3 e6 3. d4 cxd4 4. Nxd4 Nf6 5. Nc3 d6 6. g4 h6 7. Rg1 Be7 8. Be3
Nc6 9. Be2 a6 10. Qd2 Nxd4 11. Qxd4 e5 12. Qd2 Be6 13. Bf3 Nd7 14. Nd5 Bg5 15.
O-O-O Rc8 16. Kb1 Bxd5 17. exd5 Nc5 18. Rh1 Qf6 19. Bg2 Bxe3 20. fxe3 Qh4 21.
Bf3 O-O 22. Qe1 Qd8 23. e4 Qb6 24. Qe3 Qb5 25. h4 Na4 26. Qb3 Rc5 27. Rh3 Rfc8
28. c3 R8c7 29. Ka1 Qd7 30. Be2 b5 31. a3 a5 32. Kb1 Rb7 33. Rg3 g6 34. g5 h5
35. Bf1 Rcc7 36. Qc2 b4 37. axb4 axb4 38. c4 b3 39. Qg2 Rb4 40. Qh3 Qxh3 41.
Rxh3 Nc5 42. Kc1 Nxe4 43. Re3 Nc5 44. Kd2 Na4 45. Rc1 Nxb2 46. c5 Rd4+ 47. Ke2
Rxc5 48. Rxc5 dxc5 49. Rxb3 Nc4 50. Rc3 Rxh4 51. Ke1 0-1

[Event "Tilburg - Interpolis"]
[Site "Tilburg "]
[Date "1982.09.??"]
[Round "7"]
[White "Timman, J."]
[Black "Torre, E."]
[Result "1-0"]
[WhiteElo "2655"]
[BlackElo "2535"]
[PlyCount "79"]
[EventDate "1982.??.??"]
[Source "Jan Timman"]
[SourceDate "1999.08.07"]

1. e4 e5 2. Nf3 Nc6 3. Bb5 a6 4. Ba4 Nf6 5. O-O Be7 6. Re1 b5 7. Bb3 d6 8. c3
O-O 9. h3 Na5 10. Bc2 c5 11. d4 Qc7 12. Nbd2 cxd4 13. cxd4 Nc6 14. a3 Bd7 15.
Nb3 a5 16. d5 Nb8 17. Bd2 a4 18. Nc1 Rc8 19. Bc3 Na6 20. Nd3 Bd8 21. Rc1 Qa7
22. Qd2 Bb6 23. Re2 Rc4 24. Ndxe5 dxe5 25. Nxe5 Rcc8 26. Nc6 Bxc6 27. Bxf6 gxf6
28. e5 f5 29. Qg5+ Kf8 30. Qh6+ Ke8 31. dxc6 Nc5 32. Bxf5 Ne6 33. Bxe6 fxe6 34.
c7 Rxc7 35. Qxe6+ Kf8 36. Rxc7 Bxc7 37. Re4 Qb7 38. Rf4+ Kg7 39. Qe7+ Kh8 40.
Rf8+ 1-0

[Event "Niksic"]
[Site "Niksic"]
[Date "1983.08.??"]
[Round "14"]
[White "Gligoric, S."]
[Black "Timman, J."]
[Result "0-1"]
[WhiteElo "2505"]
[BlackElo "2605"]
[PlyCount "54"]
[EventDate "1983.??.??"]
[Source "Jan Timman"]
[SourceDate "1999.08.07"]

1. d4 Nf6 2. c4 e6 3. Nc3 Bb4 4. e3 c5 5. Nge2 cxd4 6. exd4 O-O 7. a3 Be7 8. d5
exd5 9. cxd5 Re8 10. g3 Bc5 11. b4 Bb6 12. h3 a5 13. b5 Qc7 14. Bb2 Qc5 15. Rh2
a4 16. Qd3 d6 17. Rc1 Nbd7 18. Ne4 Nxe4 19. Rxc5 Nexc5 20. Qc2 Ne5 21. Kd1 Ned3
22. Bc3 Bf5 23. Nd4 Bg6 24. g4 Rac8 25. f3 Nb4 26. Qb2 Ncd3 27. Qd2 Nxd5 0-1

[Event "Reggio Emilia 84/85"]
[Site "Reggio Emilia"]
[Date "1984.12.??"]
[Round "8"]
[White "Timman, J."]
[Black "Kurajica, B."]
[Result "1-0"]
[WhiteElo "2650"]
[BlackElo "2495"]
[PlyCount "105"]
[EventDate "1984.??.??"]
[Source "Jan Timman"]
[SourceDate "1999.08.07"]

1. e4 c5 2. Nf3 Nc6 3. d4 cxd4 4. Nxd4 Qb6 5. Nb3 Nf6 6. Nc3 e6 7. Be3 Qc7 8.
Bd3 Be7 9. f4 d6 10. O-O O-O 11. a3 a6 12. Qf3 b5 13. Kh1 b4 14. axb4 Nxb4 15.
e5 Bb7 16. Qh3 dxe5 17. fxe5 Qxe5 18. Ra5 Nxd3 19. Rxe5 Nxe5 20. Bc5 Ng6 21.
Bxe7 Nxe7 22. Nc5 Bc6 23. Rxf6 gxf6 24. N3e4 Bxe4 25. Nxe4 Rfd8 26. Nxf6+ Kg7
27. Nh5+ Kf8 28. Qg4 Ng8 29. Qb4+ Ne7 30. h4 Rab8 31. Qc3 Ng8 32. Qa3+ Ne7 33.
Nf6 Rb7 34. Nxh7+ Kg7 35. Qf3 Rbd7 36. Ng5 Nf5 37. Qg4 Kf6 38. Nf3 Ke7 39. Qb4+
Kf6 40. Qf4 Ke7 41. g4 Rd1+ 42. Kh2 Nd6 43. Qg5+ f6 44. Qg7+ Nf7 45. g5 fxg5
46. hxg5 R1d5 47. g6 Rf8 48. gxf7 Rxf7 49. Qg4 Rdf5 50. Ng5 Rg7 51. Qb4+ Kf6
52. Qd4+ Kg6 53. Nxe6 1-0

[Event "Tilburg - Interpolis"]
[Site "Tilburg"]
[Date "1988.10.??"]
[Round "13"]
[White "Timman, J."]
[Black "Hubner, R."]
[Result "1-0"]
[WhiteElo "2660"]
[BlackElo "2595"]
[PlyCount "61"]
[EventDate "1988.??.??"]
[Source "Jan Timman"]
[SourceDate "1999.08.07"]

1. e4 e6 2. d4 d5 3. Nc3 Bb4 4. e5 c5 5. a3 Bxc3+ 6. bxc3 Ne7 7. Nf3 Qa5 8. Bd2
Nbc6 9. Be2 cxd4 10. cxd4 Qa4 11. Rb1 Nxd4 12. Bd3 Nec6 13. Bb4 Nf5 14. Qc1 b6
15. c4 Nxb4 16. Rxb4 Qc6 17. O-O O-O 18. Qf4 Bb7 19. Bxf5 exf5 20. Nd4 Qc5 21.
Nxf5 Bc8 22. Nxg7 Kxg7 23. Qg5+ Kh8 24. Qf6+ Kg8 25. Qg5+ Kh8 26. Qf6+ Kg8 27.
Rb3 Re8 28. Rg3+ Kf8 29. Rg7 Re7 30. e6 Bxe6 31. Rxh7 1-0